00741cam a22002657a 4500003000500000005001700005008004100022010001000063011001000073035001000083040000900093082002200102110000800124245013300132260002300265300002300288410000800311490003600319650001100355650001900366700002400385700002200409810000800431830003600439CHAP20220817042539.0971013s1995 r 00010 d a47756 a48728 a52874 cCHAP a639.2096bF3 v.30 aFAO 0aCurrent status of fisheries and fish stockes of the four largest african reservoirsb: Kainji, Kariba, Nasserc/ Nubia and Volta aRome :bFAO,c1995 a134 p.b: gráfs. aFAO 0aCIFA. Documento técnicov; 3014aPeces.14aPescaxAfrica.0 aCrul, R. C. M.eed.0 aRoest, F. C.eed.0 aFAO00aCIFA. Documento técnicov; 30